[Event "Al Mahmud Memorial Probashi Chess-ch 202"]
[Site "Dhaka"]
[Date "2022.02.12"]
[Round "8.6"]
[White "Mollah Abdullah, Al Rakib"]
[Black "Mrittika Mallick"]
[Result "1-0"]
[WhiteElo "2426"]
[BlackElo "1666"]
[Annotator "TA"]
[PlyCount "75"]
[EventDate "2022.02.06"]
[EventCountry "BAN"]
[SourceTitle "playchess.com"]
[Source "ChessBase"]
[SourceQuality "1"]

{[%evp 9,75,4,0,-15,-10,-2,-7,-7,36,13,49,0,14,12,0,0,0,-4,0,0,5,0,0,0,12,0,37,49,48,45,33,52,71,24,51,8,10,15,105,112,103,95,95,31,37,13,33,62,70,64,382,379,393,396,411,405,447,437,453,414,503,487,754,750,747,740,797,797]} 1. c4 c6 2. b3 d5 3. Bb2 Bf5 4. Nf3 e6 5. d3 h6 6. Nbd2 {A12: English Opening: 1...c6 with b3 by White.} Nf6 {Inhibits e4.} 7. g3 Nbd7 8. Bg2 {The position is equal.} Bd6 {[#]} (8... Bc5 $11) 9. e4 $146 ({Predecessor:} 9. O-O O-O 10. cxd5 cxd5 11. e4 Bg4 12. h3 Bxf3 13. Nxf3 dxe4 14. dxe4 Qb8 15. Qe2 Ne5 16. Nh4 Nc6 17. f4 Rd8 {½-½ (49) Khotenashvili,B (2497)-Galojan,L (2383) Mardin 2011}) 9... Bg4 10. Qc2 dxe4 11. dxe4 e5 12. O-O {[%cal Oc4c5]} O-O 13. Rfe1 Bxf3 14. Nxf3 Qe7 15. Nh4 g6 {To avoid Nf5} 16. Rad1 Bb4 17. Rf1 Rad8 18. Qc1 Kg7 19. a3 $1 Bd6 20. b4 b6 21. Bc3 (21. f4 $16) 21... a5 {[%cal Ra5b4]} 22. c5 ({But not} 22. bxa5 Bxa3 23. Qc2 bxa5 $15) (22. Qd2 $14 {might be stronger.} Bc7 23. Qe2) 22... bxc5 $11 {[%cal Ra5b4]} 23. bxa5 c4 {[#]} (23... Ra8 $11) 24. Bd2 $1 $16 {[%csl LRc4,LRh6]} Rh8 25. Qxc4 Bxa3 26. Qxc6 {White is more active.} (26. Nf3 $16) 26... Nc5 $14 27. Bc3 (27. Be3 $5 {[%cal Rd1d8]}) 27... Rc8 28. Qb5 Rb8 $1 29. Qe2 {Strongly threatening f4.} Nb3 $2 {[%mdl 8192] This costs Black the game.} (29... Na4 $14 30. Bd2 Bb4) 30. Nf3 $18 Bd6 {[#]} 31. Rxd6 $1 {[%mdl 512]} Qxd6 32. Bxe5 {A strong pair of Bishops.} Qe6 33. Bxb8 Rxb8 34. Qb2 Qxe4 35. Ne5 {White is clearly winning.} Qd4 (35... Qa4 $142 36. Rb1 (36. Nc6 Rb5 $18) 36... Rb4) 36. Qxd4 Nxd4 37. a6 Nb5 38. Rb1 {Weighted Error Value: White=0.12 (very precise) /Black=0.37} 1-0

[Event "Al Mahmud Memorial Probashi Chess-ch 202"]
[Site "Dhaka"]
[Date "2022.02.12"]
[Round "8.7"]
[White "Mohammad Minhaz Uddin"]
[Black "Sakline Mostafa, Sajid"]
[Result "1/2-1/2"]
[WhiteElo "2267"]
[BlackElo "2089"]
[Annotator "ChessBase"]
[PlyCount "85"]
[EventDate "2022.02.06"]
[EventCountry "BAN"]
[SourceTitle "playchess.com"]
[Source "ChessBase"]
[SourceQuality "1"]
[TimeControl "5400+30"]

1. e4 {[%emt 0:04:46]} c5 {[%emt 0:00:00]} 2. Nf3 {[%emt 0:00:06]} e6 {[%emt 0:00:09]} 3. d4 {[%emt 0:00:16]} cxd4 {[%emt 0:00:01]} 4. Nxd4 {[%emt 0:00:02]} Nc6 {[%emt 0:00:19]} 5. Nc3 {[%emt 0:00:54]} Nf6 {[%emt 0:00:02]} 6. Ndb5 {[%emt 0:00:27]} Bb4 {[%emt 0:02:06]} 7. a3 {[%emt 0:00:21]} Bxc3+ {[%emt 0:00:07]} 8. Nxc3 {[%emt 0:00:03]} d5 {[%emt 0:00:01]} 9. exd5 {[%emt 0:00:14]} exd5 {[%emt 0:00:03]} 10. Bd3 {[%emt 0:02:44]} O-O {[%emt 0:00:12]} 11. O-O {[%emt 0:00:04]} d4 {[%emt 0:00:06]} 12. Ne2 {[%emt 0:00:38]} Bg4 {[%emt 0:00:08]} 13. Bg5 {[%emt 0:08:29]} Re8 {[%emt 0:04:09]} 14. Re1 {[%emt 0:02:26]} Qd6 {[%emt 0:00:44]} 15. Qd2 {[%emt 0:05:51]} Bxe2 {[%emt 0:01:00]} 16. Rxe2 {[%emt 0:01:34]} Rxe2 {[%emt 0:03:04]} 17. Qxe2 {[%emt 0:00:04]} Re8 {[%emt 0:04:02]} 18. Qf3 {[%emt 0:00:14]} Ne5 {[%emt 0:06:27]} 19. Qf4 {[%emt 0:14:48]} Qb6 {[%emt 0:17:33]} 20. Bxf6 {[%emt 0:01:28]} Qxf6 {[%emt 0:00:24]} 21. Qxf6 {[%emt 0:21:22]} gxf6 {[%emt 0:00:05]} 22. Bf5 {[%emt 0:00:18]} Rd8 {[%emt 0:16:59]} 23. b3 {[%emt 0:02:07]} Rd6 {[%emt 0:13:51]} 24. f4 {[%emt 0:07:30]} Ng6 {[%emt 0:03:20]} 25. g3 {[%emt 0:00:02]} Ne7 {[%emt 0:00:46]} 26. Be4 {[%emt 0:00:01]} Nd5 {[%emt 0:03:36]} 27. Kf2 {[%emt 0:07:54]} Ne3 {[%emt 0:04:54]} 28. Ke2 {[%emt 0:04:23]} f5 {[%emt 0:01:22]} 29. Bd3 {[%emt 0:02:09]} Re6 {[%emt 0:02:40]} 30. Kd2 {[%emt 0:01:19]} Kg7 {[%emt 0:03:48]} 31. Re1 {[%emt 0:03:14]} Kf6 {[%emt 0:03:02]} 32. h3 {[%emt 0:06:21]} h5 {[%emt 0:04:51]} 33. h4 {[%emt 0:00:22]} Ng4 {[%emt 0:01:16]} 34. Bc4 {[%emt 0:02:27]} Rd6 {[%emt 0:03:48]} 35. Re2 {[%emt 0:01:33]} Ne3 {[%emt 0:00:53]} 36. Kd3 {[%emt 0:00:33]} a6 {[%emt 0:00:43]} 37. a4 {[%emt 0:00:03]} Nf1 {[%emt 0:01:11]} 38. Rg2 {[%emt 0:00:36]} Ne3 {[%emt 0:00:17]} 39. Re2 {[%emt 0:00:46]} Nf1 {[%emt 0:00:12]} 40. Rg2 {[%emt 0:01:06]} Ne3 {[%emt 0:00:07]} 41. Rf2 {[%emt 0:00:27]} Nd1 {[%emt 0:01:52]} 42. Re2 {[%emt 0:00:01]} Ne3 {[%emt 0:00:34]} 43. Rf2 {[%emt 0:01:13]} 1/2-1/2

[Event "Al Mahmud Memorial Probashi Chess-ch 202"]
[Site "Dhaka"]
[Date "2022.02.12"]
[Round "8.8"]
[White "Mehdi Hasan Parag"]
[Black "Ikramul, Haq Siam"]
[Result "1-0"]
[WhiteElo "2258"]
[BlackElo "2075"]
[Annotator "ChessBase"]
[PlyCount "63"]
[EventDate "2022.02.06"]
[EventCountry "BAN"]
[SourceTitle "playchess.com"]
[Source "ChessBase"]
[SourceQuality "1"]
[TimeControl "5400+30"]

1. e4 {[%emt 0:00:06]} e6 {[%emt 0:00:04]} 2. d4 {[%emt 0:00:08]} d5 {[%emt 0:00:02]} 3. e5 {[%emt 0:00:09]} c5 {[%emt 0:00:01]} 4. c3 {[%emt 0:00:09]} Qb6 {[%emt 0:00:01]} 5. Nf3 {[%emt 0:00:15]} Nc6 {[%emt 0:00:00]} 6. Be2 {[%emt 0:00:08]} cxd4 {[%emt 0:00:07]} 7. cxd4 {[%emt 0:00:03]} Nh6 {[%emt 0:00:06]} 8. Bxh6 {[%emt 0:00:21]} Qxb2 {[%emt 0:00:08]} 9. Nbd2 {[%emt 0:00:08]} gxh6 {[%emt 0:00:05]} 10. O-O {[%emt 0:00:10]} a6 {[%emt 0:03:59]} 11. Nb3 {[%emt 0:00:26]} Qa3 {[%emt 0:02:35]} 12. Ne1 {[%emt 0:07:09]} Bg7 {[%emt 0:01:23]} 13. f4 {[%emt 0:00:20]} O-O {[%emt 0:00:07]} 14. Rf3 {[%emt 0:00:47]} Qe7 {[%emt 0:00:45]} 15. Rc1 {[%emt 0:02:24]} f6 {[%emt 0:02:45]} 16. Nc5 {[%emt 0:02:05]} b6 {[%emt 0:02:05]} 17. Na4 {[%emt 0:03:39]} Qc7 {[%emt 0:06:55]} 18. Rfc3 {[%emt 0:01:12]} Bd7 {[%emt 0:00:24]} 19. Nf3 {[%emt 0:01:44]} f5 {[%emt 0:04:21]} 20. Qf1 {[%emt 0:18:23]} Qb7 {[%emt 0:04:47]} 21. Rb1 {[%emt 0:03:20]} Nxe5 {[%emt 0:00:56]} 22. dxe5 {[%emt 0:10:21]} Bxa4 {[%emt 0:02:04]} 23. Rbc1 {[%emt 0:01:44]} Rf7 {[%emt 0:00:52]} 24. Nd4 {[%emt 0:01:23]} Qd7 {[%emt 0:04:35]} 25. Bxa6 {[%emt 0:01:09]} Bf8 {[%emt 0:01:19]} 26. Bc8 {[%emt 0:00:42]} Rxc8 {[%emt 0:02:59]} 27. Rxc8 {[%emt 0:00:21]} Kg7 {[%emt 0:00:03]} 28. Qf2 {[%emt 0:01:58]} Re7 {[%emt 0:01:56]} 29. Qh4 {[%emt 0:02:37]} Re8 {[%emt 0:01:27]} 30. R8c7 {[%emt 0:01:42]} Bc5 {[%emt 0:00:10]} 31. Rxd7+ {[%emt 0:01:19]} Bxd7 {[%emt 0:00:02]} 32. Kh1 {[%emt 0:01:08]} 1-0

[Event "Al Mahmud Memorial Probashi Chess-ch 202"]
[Site "Dhaka"]
[Date "2022.02.12"]
[Round "8.9"]
[White "Chowdhury, Sohel"]
[Black "Subrota, Biswas"]
[Result "1/2-1/2"]
[WhiteElo "2046"]
[BlackElo "2202"]
[Annotator "ChessBase"]
[PlyCount "82"]
[EventDate "2022.02.06"]
[EventCountry "BAN"]
[SourceTitle "playchess.com"]
[Source "ChessBase"]
[SourceQuality "1"]
[TimeControl "5400+30"]

1. e4 {[%emt 0:06:25]} c6 {[%emt 0:04:25]} 2. d4 {[%emt 0:00:15]} d5 {[%emt 0:00:01]} 3. Nd2 {[%emt 0:00:30]} dxe4 {[%emt 0:00:02]} 4. Nxe4 {[%emt 0:00:01]} Nf6 {[%emt 0:00:01]} 5. Ng5 {[%emt 0:04:08]} c5 {[%emt 0:00:24]} 6. Bc4 {[%emt 0:00:56]} e6 {[%emt 0:00:07]} 7. Ne2 {[%emt 0:03:31]} Nc6 {[%emt 0:02:20]} 8. Nf3 {[%emt 0:00:58]} Bd7 {[%emt 0:01:37]} 9. c3 {[%emt 0:01:33]} Rc8 {[%emt 0:00:44]} 10. Bd3 {[%emt 0:02:30]} cxd4 {[%emt 0:00:11]} 11. Nexd4 {[%emt 0:00:20]} Bd6 {[%emt 0:02:27]} 12. O-O {[%emt 0:03:16]} O-O {[%emt 0:03:55]} 13. Bg5 {[%emt 0:05:32]} h6 {[%emt 0:04:17]} 14. Bh4 {[%emt 0:03:08]} Qb6 {[%emt 0:02:35]} 15. Bxf6 {[%emt 0:09:09]} gxf6 {[%emt 0:00:40]} 16. Nxc6 {[%emt 0:02:12]} Rxc6 {[%emt 0:02:48]} 17. Nd2 {[%emt 0:05:48]} f5 {[%emt 0:03:52]} 18. Nc4 {[%emt 0:03:59]} Qc7 {[%emt 0:00:06]} 19. Nxd6 {[%emt 0:00:33]} Rxd6 {[%emt 0:00:05]} 20. Qe2 {[%emt 0:01:41]} Rd8 {[%emt 0:06:33]} 21. Rfd1 {[%emt 0:00:41]} a6 {[%emt 0:00:54]} 22. Bc2 {[%emt 0:02:06]} Bb5 {[%emt 0:01:00]} 23. Qe1 {[%emt 0:04:38]} Qc4 {[%emt 0:00:21]} 24. Rxd6 {[%emt 0:02:37]} Rxd6 {[%emt 0:00:02]} 25. Qe3 {[%emt 0:09:57]} Kh7 {[%emt 0:02:26]} 26. h3 {[%emt 0:03:24]} Rd8 {[%emt 0:02:53]} 27. b3 {[%emt 0:01:33]} Qh4 {[%emt 0:59:14]} 28. Rd1 {[%emt 0:03:33]} Rg8 {[%emt 0:00:00]} 29. Rd4 {[%emt 0:00:45]} Qf6 {[%emt 0:00:00]} 30. Bd1 {[%emt 0:01:06]} e5 {[%emt 0:00:00]} 31. Rd2 {[%emt 0:02:33]} f4 {[%emt 0:00:00]} 32. Qe4+ {[%emt 0:02:00]} Kh8 {[%emt 0:00:00]} 33. Bc2 {[%emt 0:00:19]} Rg6 {[%emt 0:00:00]} 34. f3 {[%emt 0:01:13]} Bc6 {[%emt 0:00:00]} 35. Qe2 {[%emt 0:00:26]} Rg5 {[%emt 0:00:00]} 36. Be4 {[%emt 0:00:29]} Be8 {[%emt 0:00:00]} 37. Qd3 {[%emt 0:02:17]} Rg8 {[%emt 0:00:00]} 38. Qd6 {[%emt 0:00:56]} Qh4 {[%emt 0:00:00]} 39. Qxe5+ {[%emt 0:02:02]} f6 {[%emt 0:00:00]} 40. Qe7 {[%emt 0:03:42]} Qe1+ {[%emt 0:00:00]} 41. Kh2 {[%emt 0:00:05]} Qg3+ {[%emt 0:00:00]} 1/2-1/2

[Event "Al Mahmud Memorial Probashi Chess-ch 202"]
[Site "Dhaka"]
[Date "2022.02.12"]
[Round "8.10"]
[White "Masum, Hossain"]
[Black "abzid, Rahman"]
[Result "1/2-1/2"]
[WhiteElo "2003"]
[BlackElo "2106"]
[Annotator "ChessBase"]
[PlyCount "97"]
[EventDate "2022.02.06"]
[EventCountry "BAN"]
[SourceTitle "playchess.com"]
[Source "ChessBase"]
[SourceQuality "1"]
[TimeControl "5400+30"]

1. d4 {[%emt 0:06:11]} d5 {[%emt 0:00:17]} 2. c4 {[%emt 0:00:30]} c6 {[%emt 0:00:07]} 3. Nf3 {[%emt 0:00:07]} Nf6 {[%emt 0:00:05]} 4. Nc3 {[%emt 0:00:30]} g6 {[%emt 0:00:29]} 5. Bf4 {[%emt 0:01:06]} Bg7 {[%emt 0:01:07]} 6. e3 {[%emt 0:03:31]} O-O {[%emt 0:00:34]} 7. h3 {[%emt 0:02:33]} Bf5 {[%emt 0:03:14]} 8. c5 {[%emt 0:06:18]} Nbd7 {[%emt 0:01:05]} 9. Bd3 {[%emt 0:00:43]} Ne4 {[%emt 0:01:21]} 10. Qc2 {[%emt 0:03:22]} Qa5 {[%emt 0:07:39]} 11. O-O {[%emt 0:00:18]} e5 {[%emt 0:02:50]} 12. Nxe5 {[%emt 0:20:27]} Nxe5 {[%emt 0:01:23]} 13. Bxe5 {[%emt 0:00:02]} Bxe5 {[%emt 0:00:25]} 14. dxe5 {[%emt 0:00:42]} Qxc5 {[%emt 0:05:09]} 15. Nxe4 {[%emt 0:00:19]} Qxc2 {[%emt 0:00:11]} 16. Nf6+ {[%emt 0:00:39]} Kg7 {[%emt 0:01:08]} 17. Bxc2 {[%emt 0:00:03]} Bxc2 {[%emt 0:00:13]} 18. Rac1 {[%emt 0:52:09]} Bf5 {[%emt 0:01:33]} 19. g4 {[%emt 0:00:00]} Bd3 {[%emt 0:03:53]} 20. Rfd1 {[%emt 0:00:00]} Ba6 {[%emt 0:02:49]} 21. f4 {[%emt 0:00:00]} h5 {[%emt 0:01:19]} 22. gxh5 {[%emt 0:00:00]} Be2 {[%emt 0:00:18]} 23. Rd2 {[%emt 0:00:00]} Bxh5 {[%emt 0:00:12]} 24. Kf2 {[%emt 0:00:00]} Rh8 {[%emt 0:00:34]} 25. Rg1 {[%emt 0:00:00]} Kf8 {[%emt 0:00:33]} 26. Rg5 {[%emt 0:00:00]} Rd8 {[%emt 0:02:10]} 27. e4 {[%emt 0:00:00]} d4 {[%emt 0:01:22]} 28. Rg3 {[%emt 0:00:00]} Ke7 {[%emt 0:03:48]} 29. Ra3 {[%emt 0:00:00]} Ke6 {[%emt 0:25:53]} 30. Rxa7 {[%emt 0:00:00]} g5 {[%emt 0:00:07]} 31. fxg5 {[%emt 0:00:00]} Kxe5 {[%emt 0:06:51]} 32. Rxb7 {[%emt 0:00:00]} Bg6 {[%emt 0:06:35]} 33. Kg3 {[%emt 0:00:00]} d3 {[%emt 0:00:21]} 34. Re7+ {[%emt 0:00:00]} Kd4 {[%emt 0:00:17]} 35. h4 {[%emt 0:00:00]} Ke3 {[%emt 0:00:28]} 36. Rh2 {[%emt 0:00:00]} d2 {[%emt 0:04:39]} 37. Ng4+ {[%emt 0:00:00]} Kd3 {[%emt 0:00:33]} 38. Ne5+ {[%emt 0:00:00]} Kc2 {[%emt 0:00:47]} 39. Nf3 {[%emt 0:00:00]} Rd3 {[%emt 0:02:04]} 40. Rc7 {[%emt 0:00:00]} Rhd8 {[%emt 0:09:04]} 41. Rxc6+ {[%emt 0:02:29]} Kxb2 {[%emt 0:00:39]} 42. Rxd2+ {[%emt 0:01:13]} Rxd2 {[%emt 0:00:11]} 43. Nxd2 {[%emt 0:00:01]} Rxd2 {[%emt 0:00:02]} 44. e5 {[%emt 0:01:33]} Rd3+ {[%emt 0:00:23]} 45. Kf2 {[%emt 0:01:32]} Rd2+ {[%emt 0:02:03]} 46. Ke3 {[%emt 0:03:57]} Rd3+ {[%emt 0:00:10]} 47. Kf2 {[%emt 0:02:17]} Rd2+ {[%emt 0:00:30]} 48. Kg3 {[%emt 0:00:13]} Rd3+ {[%emt 0:01:38]} 49. Kf2 {[%emt 0:00:08]} 1/2-1/2

[Event "Al Mahmud Memorial Probashi Chess-ch 202"]
[Site "Dhaka"]
[Date "2022.02.13"]
[Round "9.1"]
[White "Zia, Tahsin Tajwar"]
[Black "Rahman, Ziaur"]
[Result "1/2-1/2"]
[WhiteElo "2283"]
[BlackElo "2417"]
[Annotator "TA"]
[PlyCount "38"]
[EventDate "2022.02.06"]
[EventCountry "BAN"]
[SourceTitle "playchess.com"]
[Source "ChessBase"]
[SourceQuality "1"]

{[%evp 21,22,11,14]} 1. d4 d5 2. c4 e6 3. Nc3 Nf6 4. cxd5 exd5 5. Bg5 c6 6. e3 Be7 7. Bd3 O-O 8. Nge2 Re8 9. Qc2 Nbd7 10. O-O Nf8 11. Rab1 a5 {[#]} {Predecessor:} 12. f3 $146 {D36: Queen's Gambit Declined: Exchange Variation: Main line (5 Bg5 c6 6 Qc2).} g6 13. Kh1 Ne6 14. Bh4 b5 15. Bf2 Bb7 16. Nf4 Nxf4 17. exf4 Nh5 18. g3 Bc8 19. a4 b4 {0-1 (40) Goganov,A (2589)-Shariyazdanov,A (2523) Cheliabinsk 2021} 1/2-1/2

[Event "Al Mahmud Memorial Probashi Chess-ch 202"]
[Site "Dhaka"]
[Date "2022.02.13"]
[Round "9.4"]
[White "Anata, Choudhury"]
[Black "Mehdi Hasan Parag"]
[Result "1-0"]
[WhiteElo "2170"]
[BlackElo "2258"]
[Annotator "NA"]
[PlyCount "121"]
[EventDate "2022.02.06"]
[EventCountry "BAN"]
[SourceTitle "playchess.com"]
[Source "ChessBase"]
[SourceQuality "1"]
[TimeControl "5400+30"]

1. e4 {[%emt 0:00:46]} e5 {[%emt 0:00:27]} 2. Nf3 {[%emt 0:00:15]} Nc6 {[%emt 0:00:03]} 3. Bb5 {[%emt 0:00:11]} a6 {[%emt 0:00:03]} 4. Ba4 {[%emt 0:00:12]} Nf6 {[%emt 0:00:07]} 5. O-O {[%emt 0:00:13]} Be7 {[%emt 0:00:31]} 6. d3 {[%emt 0:00:15]} b5 {[%emt 0:00:08]} 7. Bb3 {[%emt 0:00:09]} d6 {[%emt 0:00:15]} 8. a4 {[%emt 0:00:37]} Bd7 {[%emt 0:00:11]} 9. c3 {[%emt 0:00:17]} O-O {[%emt 0:00:24]} 10. Bc2 {[%emt 0:00:32]} Rb8 {[%emt 0:01:15]} 11. Re1 {[%emt 0:00:20]} h6 {[%emt 0:00:16]} 12. Nbd2 {[%emt 0:00:54]} b4 {[%emt 0:00:50]} 13. d4 {[%emt 0:01:05]} bxc3 $11 {[%emt 0:01:37]} 14. bxc3 {[%emt 0:00:19]} exd4 {[%emt 0:03:12]} 15. cxd4 {[%emt 0:00:24]} Nb4 {[%emt 0:00:07]} 16. Bb1 {[%emt 0:00:21]} d5 {[%emt 0:01:33]} 17. e5 {[%emt 0:08:03]} Nh7 {[%emt 0:00:36]} 18. h3 {[%emt 0:36:49]} Be6 {[%emt 0:07:16]} 19. Nf1 {[%emt 0:08:39]} Qd7 {[%emt 0:03:11]} 20. Ng3 {[%emt 0:00:42]} Rfc8 {[%emt 0:03:34]} 21. Be3 {[%emt 0:39:57]} c5 {[%emt 0:02:25]} 22. dxc5 {[%emt 0:00:00]} Bxc5 {[%emt 0:00:54]} 23. Nd4 {[%emt 0:00:00]} Bxd4 {[%emt 0:02:15]} 24. Bxd4 {[%emt 0:00:00]} Nc6 {[%emt 0:03:34]} 25. Be3 {[%emt 0:00:00]} d4 {[%emt 0:00:53]} 26. Bf4 {[%emt 0:00:00]} Nf8 {[%emt 0:02:22]} 27. Nh5 {[%emt 0:00:00]} Qe7 {[%emt 0:23:25]} 28. Bg3 {[%emt 0:00:00]} Rb2 {[%emt 0:09:53]} 29. Be4 {[%emt 0:00:00]} Rb4 {[%emt 0:05:54]} 30. Nf4 {[%emt 0:00:00]} Na5 {[%emt 0:02:21]} 31. Nd3 {[%emt 0:00:00]} Rbc4 {[%emt 0:01:28]} 32. Bf4 {[%emt 0:00:00]} Qd7 {[%emt 0:01:21]} 33. Bd2 {[%emt 0:00:16]} Nb7 {[%emt 0:05:29]} 34. Qf3 {[%emt 0:01:27]} Nd8 {[%emt 0:04:18]} 35. a5 {[%emt 0:01:24]} Rc2 {[%emt 0:01:25]} 36. Red1 {[%emt 0:00:19]} Ng6 {[%emt 0:01:59]} 37. Nb4 {[%emt 0:01:19]} Rb2 {[%emt 0:02:25]} 38. Nxa6 {[%emt 0:01:24]} Rb3 {[%emt 0:01:37]} 39. Qh5 {[%emt 0:00:32]} Bd5 {[%emt 0:06:27]} 40. e6 {[%emt 0:00:11]} Bxe6 {[%emt 0:00:23]} 41. Nb4 {[%emt 0:00:37]} Rb8 {[%emt 0:01:06]} 42. Nd3 {[%emt 0:00:53]} R3b5 {[%emt 0:00:32]} 43. Qe2 {[%emt 0:00:22]} f5 {[%emt 0:00:30]} 44. Bf3 {[%emt 0:00:16]} Bc4 {[%emt 0:00:26]} 45. a6 {[%emt 0:01:07]} Nc6 {[%emt 0:00:32]} 46. Rdc1 {[%emt 0:01:16]} Bxd3 {[%emt 0:03:11]} 47. Qxd3 {[%emt 0:00:06]} Nce5 {[%emt 0:00:12]} 48. Qe2 {[%emt 0:00:30]} Nxf3+ {[%emt 0:00:16]} 49. Qxf3 {[%emt 0:00:06]} Ne5 {[%emt 0:00:17]} 50. Qg3 {[%emt 0:00:14]} Nc6 {[%emt 0:01:18]} 51. Bxh6 {[%emt 0:00:20]} Rb3 {[%emt 0:00:18]} 52. Qxg7+ {[%emt 0:00:19]} Qxg7 {[%emt 0:00:18]} 53. Bxg7 {[%emt 0:00:01]} R3b6 {[%emt 0:00:56]} 54. Bh6 {[%emt 0:00:20]} Ra8 {[%emt 0:00:26]} 55. Rc5 {[%emt 0:01:13]} d3 {[%emt 0:00:33]} 56. Rd1 {[%emt 0:00:44]} Nb4 {[%emt 0:00:22]} 57. Bd2 {[%emt 0:00:35]} Nxa6 {[%emt 0:00:20]} 58. Rd5 {[%emt 0:00:06]} Rb3 {[%emt 0:00:40]} 59. Ba5 {[%emt 0:00:17]} Nb8 {[%emt 0:00:38]} 60. R5xd3 {[%emt 0:00:13]} Nc6 {[%emt 0:00:25]} 61. Rxb3 {[%emt 0:00:08]} 1-0

[Event "Al Mahmud Memorial Probashi Chess-ch 202"]
[Site "Dhaka"]
[Date "2022.02.13"]
[Round "9.5"]
[White "Abu Sufian, Shakil"]
[Black "Rahman, Syed Mahfuzur"]
[Result "1-0"]
[WhiteElo "2232"]
[BlackElo "2099"]
[Annotator "NA"]
[PlyCount "141"]
[EventDate "2022.02.06"]
[EventCountry "BAN"]
[SourceTitle "playchess.com"]
[Source "ChessBase"]
[SourceQuality "1"]
[TimeControl "5400+30"]

1. e4 {[%emt 0:00:04]} c5 {[%emt 0:00:12]} 2. Nf3 {[%emt 0:00:04]} Nc6 {[%emt 0:00:04]} 3. Bb5 {[%emt 0:00:30]} d6 {[%emt 0:01:30]} 4. O-O {[%emt 0:01:34]} Bd7 {[%emt 0:00:03]} 5. Re1 {[%emt 0:01:18]} a6 {[%emt 0:00:04]} 6. Bf1 {[%emt 0:00:18]} Bg4 $11 {[%emt 0:01:56]} 7. h3 {[%emt 0:01:15]} Bh5 {[%emt 0:01:49]} (7... Bxf3 $11 8. Qxf3 g6) 8. c3 {[%emt 0:02:55]} Nf6 {[%emt 0:00:54]} 9. d3 {[%emt 0:01:14]} e6 {[%emt 0:01:01]} 10. Nbd2 {[%emt 0:06:47]} Be7 {[%emt 0:00:22]} 11. g4 {[%emt 0:03:04]} Bg6 {[%emt 0:00:45]} 12. Nh4 {[%emt 0:05:54]} Nd7 {[%emt 0:03:28]} 13. Nxg6 {[%emt 0:04:37]} hxg6 {[%emt 0:05:40]} 14. Nf3 {[%emt 0:03:11]} Nde5 {[%emt 0:02:13]} 15. Nh2 {[%emt 0:01:06]} g5 {[%emt 0:03:00]} 16. d4 {[%emt 0:00:21]} Ng6 {[%emt 0:01:17]} 17. Nf3 {[%emt 0:01:05]} Nh4 {[%emt 0:16:56]} 18. Nxh4 {[%emt 0:03:33]} Rxh4 {[%emt 0:02:25]} 19. Be3 {[%emt 0:00:14]} Qc7 {[%emt 0:13:43]} 20. Qd2 {[%emt 0:03:38]} f6 {[%emt 0:00:37]} 21. a3 {[%emt 0:03:23]} Kf7 {[%emt 0:01:08]} 22. f4 {[%emt 0:07:00]} cxd4 {[%emt 0:14:38]} 23. cxd4 {[%emt 0:00:13]} gxf4 {[%emt 0:04:23]} 24. Bxf4 {[%emt 0:00:10]} e5 {[%emt 0:02:54]} 25. dxe5 {[%emt 0:04:48]} dxe5 {[%emt 0:00:33]} 26. Be3 {[%emt 0:08:46]} Nd4 {[%emt 0:02:50]} 27. Qf2 {[%emt 0:01:27]} Rah8 {[%emt 0:01:13]} 28. Rac1 {[%emt 0:02:18]} Qd7 {[%emt 0:00:32]} 29. Bxd4 {[%emt 0:03:23]} Qxd4 {[%emt 0:14:57]} 30. Qxd4 {[%emt 0:00:30]} exd4 {[%emt 0:00:01]} 31. Rc7 {[%emt 0:00:29]} Ke6 {[%emt 0:00:56]} 32. Rxb7 {[%emt 0:03:12]} Bd6 {[%emt 0:02:10]} 33. Rxg7 {[%emt 0:02:26]} d3 {[%emt 0:01:26]} 34. Rd1 {[%emt 0:03:41]} Bc5+ {[%emt 0:00:34]} 35. Kh1 {[%emt 0:00:12]} Bf8 {[%emt 0:00:05]} 36. Ra7 {[%emt 0:01:53]} Rxg4 {[%emt 0:00:06]} 37. Rxd3 {[%emt 0:03:14]} Rxe4 {[%emt 0:00:18]} 38. Rxa6+ {[%emt 0:00:16]} Ke5 {[%emt 0:00:37]} 39. Rf3 {[%emt 0:00:38]} Rh6 {[%emt 0:01:43]} 40. b4 {[%emt 0:01:55]} Bxb4 {[%emt 0:00:44]} 41. axb4 {[%emt 0:00:15]} Rxb4 {[%emt 0:00:01]} 42. Ra5+ {[%emt 0:01:26]} Ke6 {[%emt 0:00:23]} 43. Raf5 {[%emt 0:00:18]} Rb1 {[%emt 0:01:04]} 44. Kh2 {[%emt 0:00:17]} Rb2+ {[%emt 0:00:10]} 45. Rf2 {[%emt 0:00:11]} Rxf2+ {[%emt 0:00:28]} 46. Rxf2 {[%emt 0:00:01]} Kf7 {[%emt 0:00:13]} 47. Bd3 {[%emt 0:00:29]} Rh5 {[%emt 0:00:28]} 48. Bf5 {[%emt 0:01:24]} Kg7 {[%emt 0:00:23]} 49. Rf4 {[%emt 0:02:01]} Rh8 {[%emt 0:01:25]} 50. Kg3 {[%emt 0:01:09]} Ra8 {[%emt 0:00:21]} 51. Rg4+ {[%emt 0:02:10]} Kh8 {[%emt 0:00:05]} 52. Rc4 {[%emt 0:00:20]} Rg8+ {[%emt 0:00:28]} 53. Kf4 {[%emt 0:00:13]} Rg5 {[%emt 0:01:01]} 54. Rc6 {[%emt 0:01:10]} Kg7 {[%emt 0:00:31]} 55. Rc7+ {[%emt 0:00:01]} Kg8 {[%emt 0:00:17]} 56. h4 {[%emt 0:02:47]} Rg1 {[%emt 0:00:29]} 57. Be6+ {[%emt 0:00:25]} Kh8 {[%emt 0:00:33]} 58. Kf5 {[%emt 0:00:29]} Rg2 {[%emt 0:00:47]} 59. Rc8+ {[%emt 0:00:40]} Kh7 {[%emt 0:00:16]} 60. Kxf6 {[%emt 0:00:27]} Rg6+ {[%emt 0:00:11]} 61. Ke5 {[%emt 0:02:05]} Rg1 {[%emt 0:00:15]} 62. Bf5+ {[%emt 0:00:18]} Kg7 {[%emt 0:01:03]} 63. Rc7+ {[%emt 0:00:11]} Kh8 {[%emt 0:00:13]} 64. Kf6 {[%emt 0:01:07]} Rg7 {[%emt 0:00:02]} 65. Rc4 {[%emt 0:00:54]} Rf7+ {[%emt 0:01:26]} 66. Kg5 {[%emt 0:00:16]} Rf8 {[%emt 0:00:34]} 67. Be6 {[%emt 0:02:40]} Re8 {[%emt 0:00:28]} 68. Kf6 {[%emt 0:00:16]} Rb8 {[%emt 0:00:36]} 69. Rc5 {[%emt 0:00:25]} Rb7 {[%emt 0:00:17]} 70. Rc8+ {[%emt 0:00:12]} Kh7 {[%emt 0:00:39]} 71. Bf5+ {[%emt 0:08:47]} 1-0